[Event "MCR_O183"]
[Site "?"]
[Date "2003.??.??"]
[Round "?"]
[White "Pipek, Jan"]
[Black "Petricek, Jiri"]
[Result "1/2-1/2"]
[WhiteElo "1800"]
[BlackElo "1876"]
[PlyCount "45"]
[EventDate "2003.??.??"]
[EventType "corr"]
[EventRounds "2"]
[SourceDate "2005.03.12"]

1. e4 e6 2. d4 d5 3. Nc3 Nf6 4. Bg5 Be7 5. e5 Nfd7 6. Bxe7 Qxe7 7. Nf3 a6 8.
Bd3 O-O 9. Qd2 c5 10. dxc5 Nc6 11. Qe2 Nxc5 12. O-O d4 13. Ne4 Na4 14. c3 Nb6
15. Nxd4 Nd5 16. Nxc6 bxc6 17. Qd2 Rd8 18. Rad1 Bb7 19. Qg5 Qxg5 20. Nxg5 h6
21. Ne4 Nf4 22. Nd6 a5 23. a4 1/2-1/2

[Event "MCR_O183"]
[Site "?"]
[Date "2003.??.??"]
[Round "?"]
[White "Pipek, Jan"]
[Black "Vins, Karel"]
[Result "1/2-1/2"]
[WhiteElo "1800"]
[BlackElo "1800"]
[PlyCount "89"]
[EventDate "2003.??.??"]
[EventType "corr"]
[EventRounds "2"]
[SourceDate "2005.03.12"]

1. e4 e5 2. Nf3 Nc6 3. d4 exd4 4. Nxd4 Bc5 5. Be3 Qf6 6. c3 Nge7 7. Bc4 d6 8.
O-O O-O 9. Qd3 Qg6 10. Bf4 a6 11. Nd2 Ne5 12. Bxe5 dxe5 13. Ne2 Be6 14. Bxe6
Qxe6 15. Qc4 Qxc4 16. Nxc4 f6 17. b4 Ba7 18. a4 b5 19. Nb2 c6 20. a5 Rac8 21.
Rac1 c5 22. Nd3 c4 23. Nb2 Rfd8 24. Rfd1 Bb8 25. Rxd8+ Rxd8 26. Rd1 Rxd1+ 27.
Nxd1 Kf7 28. g4 g6 29. Kg2 Ke6 30. Ne3 Bd6 31. Kg3 f5 32. exf5+ gxf5 33. gxf5+
Nxf5+ 34. Nxf5 Kxf5 35. h3 Ke4 36. Nc1 Kf5 37. f3 Be7 38. Ne2 Bf6 39. Kf2 Bh4+
40. Ke3 Bg5+ 41. Kf2 Bf4 42. Nxf4 Kxf4 43. Ke2 e4 44. fxe4 Kxe4 45. Kd2 1/2-1/2

[Event "MCR_O183"]
[Site "?"]
[Date "2003.??.??"]
[Round "?"]
[White "Vins, Karel"]
[Black "Cvak, Rudolf"]
[Result "0-1"]
[WhiteElo "1800"]
[BlackElo "1800"]
[PlyCount "78"]
[EventDate "2003.??.??"]
[EventType "corr"]
[EventRounds "2"]
[SourceDate "2005.03.12"]

1. e4 d6 2. d4 Nf6 3. Nc3 c6 4. h3 g6 5. Nf3 Bg7 6. Bd3 O-O 7. Be3 Nbd7 8. Nh2
e5 9. dxe5 dxe5 10. f3 b5 11. Qd2 Qa5 12. a3 Rd8 13. O-O Bb7 14. Qf2 a6 15. b4
Qc7 16. Rac1 a5 17. Nb1 axb4 18. axb4 Qd6 19. Bd2 Ra4 20. Rcd1 Rda8 21. Bc3 Qe6
22. Rfe1 Bf8 23. Nf1 Bxb4 24. Bxb4 Rxb4 25. Ne3 Nc5 26. Nc3 Ra3 27. Nb1 Nxd3
28. cxd3 Ra2 29. Re2 Rxe2 30. Qxe2 Nh5 31. Qc2 Qd6 32. Ng4 Qd4+ 33. Qf2 Rb2 34.
Qxd4 exd4 35. Nf2 Nf4 36. h4 c5 37. Kf1 Ba6 38. g3 Nxd3 39. Nxd3 b4 0-1

[Event "MCR_O183"]
[Site "?"]
[Date "2003.??.??"]
[Round "?"]
[White "Vins, Karel"]
[Black "Janovec, Vladimir"]
[Result "0-1"]
[WhiteElo "1800"]
[BlackElo "1837"]
[PlyCount "48"]
[EventDate "2003.??.??"]
[EventType "corr"]
[EventRounds "2"]
[SourceDate "2005.03.12"]

1. e4 e5 2. Nf3 Nc6 3. Bc4 Be7 4. d4 exd4 5. Nxd4 Ne5 6. Be2 Nf6 7. Nc3 Bb4 8.
f3 d5 9. exd5 Nxd5 10. Bd2 Bxc3 11. bxc3 O-O 12. O-O c5 13. Nb3 Qc7 14. c4 Nb6
15. Bd3 Nexc4 16. Qe2 Nxd2 17. Nxd2 Be6 18. c4 Rad8 19. Rfd1 Rfe8 20. Qf1 Na4
21. Ne4 Nb2 22. Rd2 Qe5 23. Nf2 Nxd3 24. Nxd3 Qd4+ 0-1

[Event "MCR_O183"]
[Site "?"]
[Date "2003.??.??"]
[Round "?"]
[White "Vins, Karel"]
[Black "Lucan, Zdenko"]
[Result "1-0"]
[WhiteElo "1800"]
[BlackElo "1800"]
[PlyCount "44"]
[EventDate "2003.??.??"]
[EventType "corr"]
[EventRounds "2"]
[SourceDate "2005.03.12"]

1. e4 d5 2. exd5 Qxd5 3. Nc3 Qa5 4. d4 c6 5. Nf3 Bg4 6. h3 Bd7 7. Bd2 e6 8. Bd3
Nf6 9. Ne4 Qd8 10. Nxf6+ gxf6 11. c3 Bg7 12. Qc2 f5 13. Bf4 O-O 14. O-O-O b5
15. Rdg1 Re8 16. g4 h6 17. gxf5 Kh8 18. fxe6 Bxe6 19. b3 Bd5 20. Rg3 Qh4 21.
Nxh4 Bxh1 22. Nf5 Bd5 1-0

[Event "MCR_O183"]
[Site "?"]
[Date "2003.??.??"]
[Round "?"]
[White "Vins, Karel"]
[Black "Majstr, Tomas"]
[Result "0-1"]
[WhiteElo "1800"]
[BlackElo "1800"]
[PlyCount "42"]
[EventDate "2003.??.??"]
[EventType "corr"]
[EventRounds "2"]
[SourceDate "2005.03.12"]

1. e4 c5 2. Nf3 Nc6 3. Nc3 Nf6 4. d4 cxd4 5. Nxd4 e5 6. Ndb5 d6 7. Nd5 Nxd5 8.
Qxd5 a6 9. Nc3 Nd4 10. Qc4 Nxc2+ 11. Kd1 Nxa1 12. Nd5 Bg4+ 13. f3 Rc8 14. Qd3
Be6 15. Nc3 Qb6 16. Qb1 Rxc3 17. Qxa1 Qd4+ 18. Ke1 Rc6 19. Qb1 Bxa2 20. Qa1 Rc2
21. Be2 d5 0-1

[Event "MCR_O183"]
[Site "?"]
[Date "2003.??.??"]
[Round "?"]
[White "Vins, Karel"]
[Black "Petricek, Jiri"]
[Result "1-0"]
[WhiteElo "1800"]
[BlackElo "1876"]
[PlyCount "73"]
[EventDate "2003.??.??"]
[EventType "corr"]
[EventRounds "2"]
[SourceDate "2005.03.12"]

1. e4 g6 2. d4 Bg7 3. c4 Nf6 4. Nc3 d6 5. g3 O-O 6. Bg2 c6 7. Nge2 Nbd7 8. Be3
Qb6 9. Qc2 Re8 10. O-O c5 11. d5 Ng4 12. Bd2 Nb8 13. Rac1 Na6 14. a3 Bd7 15. b3
Rac8 16. h3 Ne5 17. f4 Nb4 18. axb4 cxb4+ 19. Kh2 bxc3 20. Nxc3 Nxc4 21. bxc4
Rxc4 22. Qd3 Rec8 23. Qf3 e6 24. Ne2 exd5 25. exd5 Bf5 26. Rxc4 Rxc4 27. Rc1
Rxc1 28. Nxc1 a5 29. Qe2 Kf8 30. Be3 Qc7 31. Bf1 a4 32. Qc4 Qxc4 33. Bxc4 a3
34. Ba2 b5 35. Bd2 h5 36. Bb4 Bc2 37. Bxa3 1-0

[Event "MCR_O183"]
[Site "?"]
[Date "2003.??.??"]
[Round "?"]
[White "Vins, Karel"]
[Black "Pipek, Jan"]
[Result "1/2-1/2"]
[WhiteElo "1800"]
[BlackElo "1800"]
[PlyCount "76"]
[EventDate "2003.??.??"]
[EventType "corr"]
[EventRounds "2"]
[SourceDate "2005.03.12"]

1. e4 e5 2. f4 exf4 3. Nf3 g5 4. h4 g4 5. Ne5 Nf6 6. d4 d6 7. Nd3 Nxe4 8. Bxf4
Bg7 9. c3 Be6 10. Nd2 Nxd2 11. Qxd2 Qe7 12. Qe2 Bf6 13. g3 Nc6 14. Bg2 Bd7 15.
Qxe7+ Bxe7 16. O-O-O O-O 17. b3 a5 18. a3 b5 19. Rhe1 Rfe8 20. Rd2 a4 21. b4
Bf6 22. Rde2 Rxe2 23. Rxe2 Re8 24. Rxe8+ Bxe8 25. Nf2 h5 26. d5 Ne7 27. Kd2 Be5
28. Nd3 f6 29. Be4 Ng6 30. Bxe5 Nxe5 31. Nxe5 fxe5 32. Kd3 Kg7 33. c4 Kf6 34.
cxb5 Bxb5+ 35. Ke3 Ke7 36. Kd2 Be8 37. Kc3 Bb5 38. Bg6 Be8 1/2-1/2